| 000 | 00893cam a22002055a 4500 | ||
|---|---|---|---|
| 001 | L140641 | ||
| 008 | 071003s1937 xxka e 000 0 eng d | ||
| 035 | _a(Sirsi) u140641 | ||
| 041 | 0 | _aeng | |
| 110 | 2 |
_aNorman, Dr. Philip _95365 |
|
| 245 | 0 | 0 | _aEight drawings by the late Dr. Philip Norman |
| 250 | _aFacsim. | ||
| 260 |
_aLondon _bLondon Topographical Society _c1937 |
||
| 300 |
_a8 sheets _bill., folder _c28 x 35 cm. |
||
| 505 | 0 | _aThe Vine Tavern, Mile End -- Nos. 5 and 7 Aldgate -- Nos. 10 and 11 Austin Friars -- St Magnus Church from Fish Street Hill -- No. 13 Leather Lane, looking south -- Staircase of 'Old Bell' Inn, Holborn --Old houses on site now occupied by New Crosby Hall, Chelsea -- Back of old houses, Cheyne Walk | |
| 520 | _aBlack and white reproductions of watercolours by Dr. Philip Norman. | ||
| 651 | 4 | _aLondon | |
| 690 | _aBUILT ENVIRONMENT | ||
| 942 | _n0 | ||
| 999 |
_c107526 _d107526 |
||